000 01664cab a2200277 ab4500
005 20240920064510.0
008 991125c2015 cu qr p o 000 0 spa d
035 _aUPN01000215628
040 _aMX-MxUPN
_bspa
_cMX-MxUPN
_eaacr2
049 _aART-E
100 1 _aVemo Montiller, Orlando Alfredo
100 1 _ulandy@ucp.pr.rimed.cu
245 1 0 _aEstrategia para la superación de los docentes de educación física en la Universidad de Ciencias Pedagógicas “Rafael María de Mendive”
_h[recurso electrónico en línea]
506 0 _aAcceso abierto
520 3 _aEl trabajo pretende resolver la falta de preparación de los docentes de Educación Física en la Universidad Pedagógica, que encuentra sus causas en las insuficiencias en el proceso de estimulación de las habilidades motrices deportivas en los estudiantes con un enfoque integral físico educativo a través del juego, debido a la carencia de acciones de superación en el departamento acorde a las nuevas exigencias en su desempeño profesional. Para este fin se reflejan los fundamentos teóricos que orientan la superación de los docentes en las condiciones actuales, con el fin de promover una cultura general integral. REDU
650 4 _aEducación física
_912884
650 4 _aEducación permanente
_97280
653 0 _aFormación integral
653 0 _aFormación docente
653 0 _aSuperación profesional
773 _gVol. 13, no. 51 (2015), p. 1-6
_tMendive : revista científico pedagógico
_x1815-7696
856 4 _uhttp://mendive.upr.edu.cu/index.php/MendiveUPR/article/view/760/757
902 _bLeonor Sotres/190923
905 _aArticulo
942 _cART-E
999 _c187728
_d187728